[Event "Mittelrhein Regionalliga 16/17"]
[Site "Nordrheinwestfalen"]
[Date "2016.10.02"]
[Round "2.2"]
[White "Schmidt, Martin"]
[Black "Hoppe, Thilo"]
[Result "1-0"]
[WhiteElo "2157"]
[BlackElo "2207"]
[PlyCount "97"]
[EventDate "2016.09.11"]
[EventType "team-tourn"]
[EventRounds "11"]
[EventCountry "GER"]
[SourceTitle "EXT 2022"]
[Source "ChessBase"]
[SourceDate "2021.10.06"]
[SourceVersion "1"]
[SourceVersionDate "2021.10.06"]
[SourceQuality "1"]
[WhiteTeam "Koeln SF II"]
[BlackTeam "Bonn Beuel"]
[WhiteTeamCountry "GER"]
[BlackTeamCountry "GER"]

1. e4 e6 2. d4 d5 3. Nc3 Bb4 4. e5 c5 5. a3 Bxc3+ 6. bxc3 Ne7 7. h4 Qa5 8. Bd2 Qa4 9. h5 h6 10. dxc5 Bd7 11. Nf3 Na6 12. Rh4 Qc6 13. Rb1 Nxc5 14. c4 Qc7 15. cxd5 exd5 16. Bb4 b6 17. c4 dxc4 18. Rxc4 0-0 19. Rbc1 Be6 20. Bxc5 bxc5 21. Rxc5 Qb7 22. Rc7 Qe4+ 23. Qe2 Qxe2+ 24. Bxe2 Nd5 25. R7c4 Nb6 26. Rc5 Rfd8 27. Rd1 Rdc8 28. Rxc8+ Rxc8 29. Nd4 Bd5 30. Nf5 Re8 31. f4 Bxg2 32. Kf2 Bh3 33. Bb5 Rf8 34. Ne7+ Kh8 35. Kg3 Be6 36. f5 Bb3 37. Rd3 Bc4 38. Bxc4 Nxc4 39. e6 Ne5 40. Rd5 Re8 41. Kf4 Rxe7 42. Rd8+ Kh7 43. Kxe5 fxe6 44. fxe6 Rb7 45. Kd6 Rb6+ 46. Ke7 Rb1 47. Rd7 a5 48. Kf8 Kh8 49. e7 1-0

[Event "Oberliga Sued W 1314"]
[Site "Germany"]
[Date "2013.11.24"]
[Round "3.7"]
[White "Ripperger, Reinhold"]
[Black "Schmidt, Martin"]
[Result "0-1"]
[WhiteElo "2017"]
[BlackElo "2061"]
[PlyCount "120"]
[EventDate "2013.10.13"]
[EventType "team-tourn"]
[EventRounds "9"]
[EventCountry "GER"]
[SourceTitle "EXT 2015"]
[Source "ChessBase"]
[SourceDate "2014.11.20"]
[SourceVersion "1"]
[SourceVersionDate "2014.11.20"]
[SourceQuality "1"]
[WhiteTeam "Schwarzenbach II"]
[BlackTeam "Saarbruecken"]
[WhiteTeamCountry "GER"]
[BlackTeamCountry "GER"]

1. e4 e5 2. Nf3 Nc6 3. Bc4 Bc5 4. c3 Nf6 5. d4 exd4 6. cxd4 Bb4+ 7. Bd2 Bxd2+ 8. Nbxd2 d5 9. exd5 Nxd5 10. Qb3 Nce7 11. 0-0 0-0 12. Rfe1 c6 13. a4 h6 14. a5 Rb8 15. Ne4 Qc7 16. Ne5 Rd8 17. Qf3 Nf5 18. Rad1 f6 19. Ng6 Kh7 20. Qh5 Qf7 21. Nf4 Qxh5 22. Nxh5 Nfe7 23. Nc5 Bg4 24. Be2 Bxe2 25. Rxe2 Kg6 26. Ng3 Kf7 27. Rde1 b6 28. Ne6 Rd7 29. axb6 axb6 30. Nh5 g6 31. Ng3 Ra8 32. h3 Raa7 33. Nf1 Nb4 34. Nh2 Rd6 35. Nf3 Nf5 36. g4 Ne7 37. Nf4 Ned5 38. Nxd5 Nxd5 39. Re4 Nb4 40. R1e3 Ra1+ 41. Kg2 Nd5 42. Rb3 g5 43. Nd2 b5 44. Rf3 Nf4+ 45. Kh2 Rd1 46. Nb3 Rb1 47. Rfe3 Rd7 48. Nc5 Ra7 49. b3 Raa1 50. Re7+ Kg6 51. Kg3 Rh1 52. Kf3 Nd5 53. Nd7 Rxh3+ 54. Ke2 Rxe3+ 55. Rxe3 Nxe3 56. fxe3 Rb1 57. Nc5 h5 58. gxh5+ Kxh5 59. Kf3 Kh4 60. e4 g4+ 0-1

[Event "Oberliga Sued W 1314"]
[Site "Germany"]
[Date "2013.11.10"]
[Round "2.7"]
[White "Schmidt, Martin"]
[Black "Werner, Dimo"]
[Result "1/2-1/2"]
[WhiteElo "2061"]
[BlackElo "2139"]
[PlyCount "81"]
[EventDate "2013.10.13"]
[EventType "team-tourn"]
[EventRounds "9"]
[EventCountry "GER"]
[SourceTitle "EXT 2015"]
[Source "ChessBase"]
[SourceDate "2014.11.20"]
[SourceVersion "1"]
[SourceVersionDate "2014.11.20"]
[SourceQuality "1"]
[WhiteTeam "Saarbruecken"]
[BlackTeam "Schott Mainz II"]
[WhiteTeamCountry "GER"]
[BlackTeamCountry "GER"]

1. e4 d5 2. exd5 Qxd5 3. Nc3 Qd6 4. d4 Nf6 5. Bd3 a6 6. Nge2 g6 7. Bf4 Qd8 8. Ne4 Nbd7 9. c4 Bg7 10. Qd2 0-0 11. Bh6 Nxe4 12. Bxe4 c6 13. h4 Nf6 14. Bf3 Bxh6 15. Qxh6 Qa5+ 16. Kf1 Bg4 17. Bxg4 Nxg4 18. Qg5 Qf5 19. f3 Qxg5 20. hxg5 Ne3+ 21. Kf2 Nxc4 22. Rh6 Kg7 23. g3 Nd6 24. g4 Rh8 25. Rah1 Rad8 26. Ke3 e6 27. Ng3 Nb5 28. Ne4 Nxd4 29. Nf6 Nc2+ 30. Ke4 Nb4 31. Rxh7+ Rxh7 32. Rxh7+ Kf8 33. a3 Nd5 34. Ke5 Ke7 35. Ne4 Ne3 36. Rh2 Rd5+ 37. Kf4 Rd3 38. Nc5 Nd5+ 39. Kg3 Re3 40. Nxb7 Rb3 41. Na5 1/2-1/2

[Event "Dortmund Sparkassen op-B"]
[Site "Dortmund"]
[Date "2012.07.14"]
[Round "1"]
[White "Schmidt, Martin"]
[Black "Heyder, Siegfried"]
[Result "1-0"]
[WhiteElo "1630"]
[BlackElo "1337"]
[PlyCount "43"]
[EventDate "2012.07.14"]
[EventType "swiss"]
[EventRounds "9"]
[EventCountry "GER"]
[SourceTitle "EXT 2014"]
[Source "ChessBase"]
[SourceDate "2013.11.20"]
[SourceVersion "1"]
[SourceVersionDate "2013.11.20"]
[SourceQuality "1"]

1. e4 c5 2. c3 e5 3. Nf3 d6 4. d4 Nc6 5. Bb5 Bg4 6. dxe5 Rc8 7. exd6 Bxd6 8. 0-0 Nge7 9. h3 Be6 10. e5 Bb8 11. Qxd8+ Rxd8 12. Bg5 Rd7 13. Bxe7 Rxe7 14. Bxc6+ bxc6 15. Nbd2 Bd5 16. Rfe1 0-0 17. c4 Bxf3 18. Nxf3 Rfe8 19. Rad1 Bxe5 20. Nxe5 Rxe5 21. Rxe5 Rxe5 22. Rd8+ 1-0

[Event "Mittelrhein-chT 1112"]
[Site "Germany"]
[Date "2012.05.20"]
[Round "13.2"]
[White "Schmidt, Martin"]
[Black "Rohde, Ulrich"]
[Result "1/2-1/2"]
[WhiteElo "2242"]
[BlackElo "2177"]
[PlyCount "45"]
[EventDate "2011.09.11"]
[EventType "team-tourn"]
[EventRounds "13"]
[EventCountry "GER"]
[SourceTitle "EXT 2013"]
[Source "ChessBase"]
[SourceDate "2012.11.22"]
[SourceVersion "1"]
[SourceVersionDate "2012.11.22"]
[SourceQuality "1"]
[WhiteTeam "Gruenfeld"]
[BlackTeam "Godesberg II"]
[WhiteTeamCountry "GER"]
[BlackTeamCountry "GER"]

1. e4 c5 2. Nf3 e6 3. d4 cxd4 4. Nxd4 Nc6 5. Nc3 Qc7 6. Be3 a6 7. Qd2 Nf6 8. 0-0-0 Bb4 9. f3 0-0 10. g4 b5 11. g5 Ne8 12. h4 Be7 13. h5 Ne5 14. f4 Nc4 15. Bxc4 bxc4 16. g6 Rb8 17. h6 fxg6 18. Qh2 Rf7 19. hxg7 Rxg7 20. Nf3 Bb7 21. Qh3 Nf6 22. Ng5 Nh5 23. Rhf1 1/2-1/2

[Event "Mittelrhein-chT 1112"]
[Site "Germany"]
[Date "2011.12.18"]
[Round "6.2"]
[White "Schmidt, Martin"]
[Black "Hess, Christian1"]
[Result "0-1"]
[WhiteElo "2242"]
[BlackElo "2097"]
[PlyCount "92"]
[EventDate "2011.09.11"]
[EventType "team-tourn"]
[EventRounds "13"]
[EventCountry "GER"]
[SourceTitle "EXT 2013"]
[Source "ChessBase"]
[SourceDate "2012.11.22"]
[SourceVersion "1"]
[SourceVersionDate "2012.11.22"]
[SourceQuality "1"]
[WhiteTeam "Gruenfeld"]
[BlackTeam "Langenfeld II"]
[WhiteTeamCountry "GER"]
[BlackTeamCountry "GER"]

1. e4 d5 2. exd5 Qxd5 3. Nc3 Qd6 4. d4 a6 5. Nf3 Nf6 6. Ne5 Nc6 7. Nxc6 Qxc6 8. d5 Qd6 9. Bc4 b5 10. Bb3 Bb7 11. Qf3 Qe5+ 12. Be3 e6 13. 0-0-0 0-0-0 14. Bd4 Qg5+ 15. Kb1 e5 16. h4 Qf4 17. Qh3+ Nd7 18. g3 Qf6 19. Be3 Qf3 20. Bg5 f6 21. Rd3 Qh5 22. Be3 f5 23. Bg5 Bd6 24. Qxf5 Rdf8 25. Qh3 Rxf2 26. Ne4 Rf3 27. Nxd6+ cxd6 28. Rxf3 Qxf3 29. Rf1 Qe2 30. Rf7 Qd1+ 31. Bc1 Rd8 32. Qe6 Kc7 33. Rxg7 h5 34. a4 Bc8 35. c3 Qxb3 36. axb5 Qxb5 37. Bg5 Rf8 38. Rf7 Rxf7 39. Qxf7 Qd3+ 40. Kc1 Qe2 41. Be7 Nc5 42. Kb1 Nd3 43. Bxd6+ Kxd6 44. Qf6+ Kxd5 45. Qf7+ Ke4 46. Qc4+ Ke3 0-1

[Event "Mittelrhein-chT 1112"]
[Site "Germany"]
[Date "2011.09.11"]
[Round "1.2"]
[White "Hoefer, Axel"]
[Black "Schmidt, Martin"]
[Result "1/2-1/2"]
[WhiteElo "2012"]
[BlackElo "2242"]
[PlyCount "84"]
[EventDate "2011.09.11"]
[EventType "team-tourn"]
[EventRounds "13"]
[EventCountry "GER"]
[SourceTitle "EXT 2013"]
[Source "ChessBase"]
[SourceDate "2012.11.22"]
[SourceVersion "1"]
[SourceVersionDate "2012.11.22"]
[SourceQuality "1"]
[WhiteTeam "Koeln Muelheim"]
[BlackTeam "Gruenfeld"]
[WhiteTeamCountry "GER"]
[BlackTeamCountry "GER"]

1. d4 e6 2. Nf3 Nf6 3. Bg5 c5 4. c3 Qb6 5. Qb3 Ne4 6. Qxb6 axb6 7. Bf4 d5 8. e3 Bd6 9. Bxd6 Nxd6 10. Nbd2 Bd7 11. Ne5 f6 12. Nxd7 Kxd7 13. g3 Nc6 14. Bg2 f5 15. 0-0 Na5 16. Nb3 Rhc8 17. Nxa5 Rxa5 18. Rfc1 Rca8 19. a3 Ra4 20. Rc2 Rc8 21. Re2 g5 22. f3 Rf8 23. Rae1 Rf7 24. Rf1 Ra8 25. Rd1 cxd4 26. Rxd4 Kc7 27. e4 dxe4 28. fxe4 Rd7 29. exf5 exf5 30. Red2 Rad8 31. a4 Rf7 32. Rd5 Rf6 33. c4 Nf7 34. c5 bxc5 35. Rxc5+ Kb8 36. Rxd8+ Nxd8 37. Bd5 b6 38. Rb5 Kc7 39. h4 gxh4 40. gxh4 Rg6+ 41. Kh2 Rg4 42. Kh3 Rxa4 1/2-1/2

[Event "Dortmund Sparkassen op-B"]
[Site "Dortmund"]
[Date "2011.07.23"]
[Round "1"]
[White "Schmidt, Martin"]
[Black "Bausch, Thomas"]
[Result "0-1"]
[WhiteElo "1734"]
[BlackElo "1953"]
[PlyCount "54"]
[EventDate "2011.07.23"]
[EventType "swiss"]
[EventRounds "9"]
[EventCountry "GER"]
[SourceTitle "EXT 2013"]
[Source "ChessBase"]
[SourceDate "2012.11.22"]
[SourceVersion "1"]
[SourceVersionDate "2012.11.22"]
[SourceQuality "1"]

1. e4 Nf6 2. e5 Nd5 3. c4 Nb6 4. d4 d6 5. f4 dxe5 6. fxe5 g6 7. Nf3 Bg7 8. Be2 0-0 9. Bf4 c5 10. d5 e6 11. d6 Nc6 12. Nc3 Nd7 13. Bg5 Qa5 14. Bf6 Nxf6 15. exf6 Bxf6 16. 0-0 Qd8 17. Ne4 Bxb2 18. Rb1 Bd4+ 19. Nxd4 Nxd4 20. Nxc5 Qxd6 21. Ne4 Nxe2+ 22. Qxe2 Qd4+ 23. Kh1 f5 24. Ng5 Qf6 25. Nf3 b6 26. Ne5 Rd8 27. c5 Rd5 0-1

[Event "GER-ch Net qual3 U25"]
[Site "Playchess.com INT"]
[Date "2011.05.08"]
[Round "1"]
[White "Schmidt, Martin"]
[Black "Cofman, Veaceslav"]
[Result "1-0"]
[WhiteElo "1725"]
[BlackElo "2124"]
[PlyCount "39"]
[EventDate "2011.05.08"]
[EventType "swiss (blitz)"]
[EventRounds "7"]
[EventCountry "GER"]
[SourceTitle "CBM 142 Extra"]
[Source "ChessBase"]
[SourceDate "2011.06.27"]
[SourceVersion "1"]
[SourceVersionDate "2011.06.27"]
[SourceQuality "1"]

1. e4 e6 2. d4 d5 3. Nc3 Nf6 4. e5 Nfd7 5. f4 c5 6. Nf3 Nc6 7. Ne2 cxd4 8. Nexd4 Bc5 9. c3 Qb6 10. Be2 Nxd4 11. cxd4 Bb4+ 12. Bd2 Bxd2+ 13. Qxd2 f6 14. 0-0 0-0 15. Kh1 a5 16. Rac1 Qb4 17. Qc3 b6 18. Qc6 Qxb2 19. Rc2 Bb7 20. Qxe6+ 1-0

[Event "GER-ch Net qual3 U25"]
[Site "Playchess.com INT"]
[Date "2011.05.08"]
[Round "3"]
[White "Schmidt, Martin"]
[Black "Tereick, Benjamin"]
[Result "0-1"]
[WhiteElo "1725"]
[BlackElo "2222"]
[PlyCount "49"]
[EventDate "2011.05.08"]
[EventType "swiss (blitz)"]
[EventRounds "7"]
[EventCountry "GER"]
[SourceTitle "CBM 142 Extra"]
[Source "ChessBase"]
[SourceDate "2011.06.27"]
[SourceVersion "1"]
[SourceVersionDate "2011.06.27"]
[SourceQuality "1"]

1. e4 e6 2. d4 d5 3. Nc3 Nf6 4. e5 Nfd7 5. f4 c5 6. Nce2 Nc6 7. c3 Be7 8. Nf3 0-0 9. g3 cxd4 10. Nexd4 Nc5 11. Bg2 f6 12. exf6 Bxf6 13. 0-0 Qb6 14. Kh1 Ne4 15. b3 Nxc3 16. Qd3 Nxd4 17. Nxd4 Qxd4 18. Qxd4 Bxd4 19. Ba3 Nb5 20. Bxf8 Bxa1 21. Rxa1 Kxf8 22. a4 Nd6 23. Rc1 Bd7 24. Rc7 Ke7 25. Kg1 0-1

[Event "GER-ch Net qual2 U25"]
[Site "Playchess.com INT"]
[Date "2011.05.04"]
[Round "4"]
[White "Tkachuk, Konstantyn"]
[Black "Schmidt, Martin"]
[Result "1-0"]
[WhiteElo "2063"]
[BlackElo "1714"]
[PlyCount "37"]
[EventDate "2011.05.04"]
[EventType "swiss (blitz)"]
[EventRounds "7"]
[EventCountry "GER"]
[SourceTitle "CBM 142 Extra"]
[Source "ChessBase"]
[SourceDate "2011.06.27"]
[SourceVersion "1"]
[SourceVersionDate "2011.06.27"]
[SourceQuality "1"]

1. e4 e5 2. Nf3 Nc6 3. Bc4 Bc5 4. b4 Be7 5. b5 Na5 6. Nxe5 Nh6 7. d4 d6 8. Bxh6 dxe5 9. Bxg7 Rg8 10. Bxf7+ Kxf7 11. Bxe5 Bf6 12. Qh5+ Kf8 13. Qh6+ Bg7 14. Qf4+ Ke8 15. 0-0 Bxe5 16. Qxe5+ Qe7 17. Qh5+ Kd8 18. Nd2 Bg4 19. Qd5+ 1-0